Datum a čas kvízu
32.5
Celkem bodů
Celkový počet nahraných bodů na tomto kvízu bez doplňovacích otázek.
3.
Pořadí na kvízu
Konečné umístění týmu na tomto kvízu.
Zaznamenané odpovědi
| # | Otázka | Odpověď | Body | Výsledky |
|---|---|---|---|---|
| 1. | V pátek byly zveřejněny výsled... | Jihočeský kraj | 0 | |
| 2. | Minulou středu zažili policist... | v bagru | 0 | |
| 3. | Sedmý ročník ankety Podcast ro... | Opravdové zločiny | 1 | |
| 4. | V pondělí začala stavba půlkil... | C) v Plzeňském kraji | 1 | |
| 5. | Ve středu začala skupinová fáz... | Brno | 0 | |
| 6. | Začneme politikou. Nezávislost... | muži 28. října | 1 | |
| 7. | V letech 1918–1928 bylo Českos... | Podkarpatská Rus (Zakarpatská Ukrajina) | 1 | |
| 8. | Na fotce vidíme jeden z rekons... | Tatra, (Hans) Ledwinka | 0.5 | |
| 9. | Zde vidíme portrét jednoho z n... | Miloš Havel, Barrandov Studio | 0 | |
| 10. | Věra Menčíková se narodila v r... | D) šachům | 0 |